|
|
|
|
| LEADER |
00000cam a2200000 7i4500 |
| 001 |
0000004989 |
| 002 |
000005380 |
| 005 |
20000330.0 |
| 020 |
|
|
|a 0826916848
|
| 090 |
0 |
0 |
|a 621.31924
|b STA
|
| 100 |
1 |
|
|a Stallcup, James G
|
| 245 |
1 |
0 |
|a Designing electrical systems :
|b based on the 1990 National electrical code
|c James G.Stallcup
|
| 260 |
|
|
|a Homewood :
|b American Technical Publishers ,
|c 1989
|
| 300 |
|
|
|a 370p. ;
|c 28cm.
|
| 650 |
0 |
0 |
|a Electric wiring
|
| 650 |
0 |
0 |
|a Electric wiring
|x Insurance requirements
|
| 999 |
|
|
|a 037581
|b BUKU
|c PINJAMAN
|e PERPUSTAKAAN KOMUNITI PETALING JAYA
|
| 999 |
|
|
|a 037582
|b BUKU
|c PINJAMAN
|e PERPUSTAKAAN KOMUNITI PETALING JAYA
|